00822nam a22002417a 45000010005000000030006000050050017000110080041000280400030000690500015000990820009001141000025001232450035001482500041001832600037002243000025002615050007002865200195002935210021004885210020005096500031005296500020005603648FISKH20250409144553.0240402b cb ||||| |||| 00| 0 eng d aFISK beng cFISK dFISK  aPZ7.S7242  a281  aSoto Gary d(1951-) aAccidental love / cGary Soto  aThis edition first published in 2009 aNew York : bScholastic, c2009  a179 pages : c20 cm  aR  aAfter unexpectedly falling in love with a "nerdy" boy, fourteen-year-old Marisa works to change her life by transferring to another school, altering some of her behavior, and losing weight. 8 a780 bLexile NP 8 aR bRaz-Plus'  2Love storiesaStar-crossed 2LatinoaRomance